| 000 | 00571nam a2200229Ia 4500 | ||
|---|---|---|---|
| 005 | 20250425161935.0 | ||
| 008 | 250425s9999 xx 000 0 und d | ||
| 020 | _a020164181X | ||
| 041 | _aspa | ||
| 082 | _a005.71 | ||
| 100 | _aMARQUEZ GARCIA, FRANCISCO MANUEL | ||
| 245 | 0 | _aUNIX PROGRAMACION AVANZADA | |
| 250 | _a1A ED. | ||
| 260 |
_aEstados Unidos _bADDISON - WESLEY _c1994 |
||
| 260 | _aWILMINGTON | ||
| 300 | _a484 | ||
| 650 | _aPROGRAMACION | ||
| 650 | _aSISTEMA OPERATIVO | ||
| 650 | _aUNIX (SISTEMA OPERATIVO) | ||
| 942 | _c01 | ||
| 010 | _a35837 | ||
| 999 |
_c219264 _d219264 |
||